000 00433nam a2200169Ia 4500
999 _c7552
_d7552
003 GBCCL
005 20241126110631.0
008 180823b ||||| |||| 00| 0 eng d
040 _cgbc
082 _a242.5
_bCOW
100 _aCowman, Charles E.
_98466
245 _aGamkeu a luitate/
_ctranslated by Aikhovung
260 _aLamka:
_bAuthor,
_c1995
300 _a142p ;
650 _aDevotional calendars
_91878
942 _2ddc
_cBK
_01